Statistics for Five largest cities in every country with exceptions

Click here to take the quiz!

General Stats

  • This quiz has been taken 65 times
    (14 since last reset)
  • The average score is 155 of 500

Answer Stats

Country Largest cities % Correct
Ottawa
100%
AustriaVienna
100%
CanadaToronto
100%
MexicoMexico City
92%
VietnamHo Chi Minh
92%
CzechiaPrague
92%
BelgiumBrussels
92%
Delhi
92%
Perth
92%
Melbourne
92%
AustraliaSydney
92%
DenmarkCopenhagen
92%
Beijing
92%
ChileSantiago
92%
CroatiaZagreb
92%
Porto
92%
Munich
92%
FinlandHelsinki
92%
Vancouver
92%
FranceParis
92%
GermanyBerlin
92%
EgyptCairo
92%
HungaryBudapest
83%
Bern
83%
IndiaMumbai
83%
NorwayOslo
83%
Brasilia
83%
IndonesiaJakarta
83%
Rio de Janeiro
83%
BrazilSao Paulo
83%
IranTehran
83%
ColombiaBogota
83%
IraqBaghdad
83%
SwitzerlandZurich
83%
BelarusMinsk
83%
La Paz
83%
ChinaShanghai
83%
Marseilles
83%
PanamaPanama City
83%
USANew York
83%
Lyon
83%
Hamburg
83%
UKLondon
83%
Alexandria
83%
Manchester
83%
Quito
83%
ArgentinaBuenos Aires
83%
GreeceAthens
83%
BangladeshDhaka
83%
Adelaide
83%
Barcelona
83%
Los Angeles
83%
CubaHavana
83%
Brisbane
83%
Frankfurt
75%
Ankara
75%
UkraineKiev
75%
MalaysiaKuala Lumpur
75%
UAEDubai
75%
El SalvadorSan Salvador
75%
GuatemalaGuatemala City
75%
Chicago
75%
Montreal
75%
Calgary
75%
Leeds
75%
TurkeyIstanbul
75%
DRCKinshasa
75%
ThailandBangkok
75%
Glasgow
75%
AfghanistanKabul
75%
RomaniaBucharest
75%
Antwerp
75%
SerbiaBelgrade
75%
RussiaMoscow
75%
SpainMadrid
75%
BulgariaSofia
75%
Geneva
75%
NetherlandsAmsterdam
75%
St. Petersburg
75%
Manila
75%
PortugalLisbon
75%
Bosnia and HerzegovinaSarajevo
75%
AlgeriaAlgiers
75%
PolandWarsaw
67%
Hyderabad
67%
Bangalore
67%
TunisiaTunis
67%
South AfricaJohannesburg
67%
PakistanKarachi
67%
Cape Town
67%
CambodiaPhnom Penh
67%
Sri LankaColombo
67%
PeruLima
67%
HaitiPort-au-Prince
67%
Dallas
67%
Wellington
67%
Guadalajara
67%
Medellin
67%
Birmingham
67%
MoroccoCasablanca
67%
Nice
67%
GeorgiaTbilisi
67%
AlbaniaTirana
67%
Taipei
67%
VenezuelaCaracas
67%
Salvador
67%
Abu Dhabi
67%
Mecca
67%
Malmo
67%
Saudi ArabiaRiyadh
67%
Rotterdam
67%
Salzburg
67%
Aarhus
58%
EthiopiaAddis Ababa
58%
Giza
58%
Dominican RepublicSanto Domingo
58%
GhanaAccra
58%
AngolaLuanda
58%
Brno
58%
Yaounde
58%
The Hague
58%
Cali
58%
NepalKathmandu
58%
LithuaniaVilnius
58%
Damascus
58%
TanzaniaDar es Salaam
58%
LibyaTripoli
58%
Innsbruck
58%
Guangzhou
58%
Porto-Novo
58%
New ZealandAuckland
58%
Christchurch
58%
Hanoi
58%
NigeriaLagos
58%
Ahmedabad
58%
Cote D'Ivoire Abidjan
58%
OmanMuscat
58%
Yamoussoukro
58%
Valencia
58%
Marrakesh
50%
SomaliaMogadishu
50%
Toulouse
50%
Fez
50%
MaliBamako
50%
SenegalDakar
50%
Izmir
50%
MyanmarYangon
50%
Medina
50%
MadagascarAntananarivo
50%
Yekaterinburg
50%
Krakow
50%
Thessaloniki
50%
Lahore
50%
ParaguayAsuncion
50%
HondurasTegucigalpa
50%
GuineaConakry
50%
Split
50%
Shenzhen
50%
Valparaiso
50%
Houston
50%
Chittagong
50%
UzbekistanTashkent
50%
Graz
50%
Liege
50%
YemenSanaa
50%
EcuadorGuayaquil
50%
Cordoba
50%
ZimbabweHarare
50%
Varna
50%
CameroonDouala
50%
Odessa
50%
NicaraguaManagua
42%
George Town
42%
South SudanJuba
42%
Monterrey
42%
Dodoma
42%
NigerNiamey
42%
Puebla
42%
Hamilton
42%
Lausanne
42%
Chongqing
42%
Naypyidaw
42%
Surabaya
42%
Bandung
42%
Bergen
42%
Isfahan
42%
Maputo
42%
Kharkiv
42%
Maracaibo
42%
Khartoum
42%
TurkmenistanAshgabat
42%
Donetsk
42%
Heraklion
42%
UgandaKampala
42%
Novosibirsk
42%
Plzen
42%
Nizhny Novgorod
42%
ZambiaLusaka
42%
Tampere
42%
Jeddah
42%
Oran
33%
SyriaAleppo
33%
Medan
33%
Benghazi
33%
Cluj
33%
Mosul
33%
Basra
33%
Oulu
33%
Cebu
33%
Kumasi
33%
Mashhad
33%
Barranquilla
33%
Fortaleza
33%
Davao
33%
Faisalabad
33%
Aden
33%
Ibadan
33%
Rawalpindi
33%
Port Sudan
33%
Zaragoza
33%
Linz
33%
Kano
33%
BeninCotonou
33%
Utrecht
33%
Odense
33%
Aalborg
33%
Mandalay
33%
PhilippinesQuezon City
25%
Braga
25%
BoliviaSanta Cruz
25%
Benin City
25%
Rosario
25%
Kaohsiung
25%
Constanta
25%
Basel
25%
Port Said
25%
Adana
25%
Kaunas
25%
Turku
25%
Dnipro
25%
Lubumbashi
25%
Santiago de Cuba
25%
Shiraz
25%
Patras
25%
Kisangani
25%
Nis
25%
Eindhoven
17%
Klaipeda
17%
Leon
17%
Samarkand
17%
SwedenStokholm
17%
Pecs
17%
Homyel
17%
Debrecen
17%
Charleroi
17%
Stavanger
17%
Trondheim
17%
Sevilla
17%
Lodz
17%
Poznan
17%
Bulawayo
17%
Cartagena
17%
Rijeka
17%
Novi Sad
17%
Homs
17%
Antofagasta
17%
Kandahar
17%
Ruse
17%
Tangier
17%
Mwanza
17%
Siem Reap
17%
Plovdiv
17%
Erbil
17%
Latakia
8%
Trujillo
8%
Sharjah
8%
Agadez
8%
Iasi
8%
Siauliai
8%
Osijek
8%
Battambang
8%
Vitebsk
8%
Tucuman
8%
Sylhet
8%
SudanOmdurman
8%
Salalah
8%
Huambo
8%
Wroclaw
8%
Guantanamo
8%
Bursa
8%
Constantine
8%
Mendoza
8%
Kutaisi
8%
Toluca
8%
Beira
8%
Herat
8%
Banja Luka
8%
Mazar-e Sharif
8%
Hargeisa
8%
Gotenburg
8%
Durres
8%
Mbuji-Mayi
8%
Hofuf
8%
Burgas
8%
Kirkuk
8%
Mutare
8%
Shkoder
8%
Batumi
8%
Tauranga
8%
Szeged
8%
Kragujevac
0%
Kira
0%
Makindye
0%
Taoyuan
0%
Andijan
0%
Ndola
0%
Kabwe
0%
Barquisimeto
0%
Nansana
0%
Subotica
0%
Chitungwiza
0%
TaiwanNew Taipei
0%
Al Ain
0%
Chingola
0%
Ajman
0%
Mbarara
0%
Taichung
0%
Borama
0%
Galkayo
0%
Nukus
0%
Bosaso
0%
Nonthaburi
0%
Hama
0%
Namangan
0%
Wau
0%
Malakal
0%
Arusha
0%
Hat Yai
0%
Mbeya
0%
Taiz
0%
Al Hudaydah
0%
Sfax
0%
Yambio
0%
Bien Hoa
0%
Can Tho
0%
Uppsala
0%
Linkoping
0%
Haiphong
0%
Chaophraya
0%
Nyala
0%
eThekwini
0%
Dehiwala-Mount Lavina
0%
Ekurhuleni
0%
Tshwane
0%
Mary
0%
Dazoguz
0%
Turkmenabat
0%
Kitwe
0%
Pak Kret
0%
Maracay
0%
Mukalla
0%
Negombo
0%
Trincomalee
0%
Khartoum North
0%
Kairouan
0%
Ettadhamen
0%
Sousse
0%
Moratuwa
0%
Koutiala
0%
M'bour
0%
Jyvaskyla
0%
La Vega
0%
San Cristobal
0%
Cuenca
0%
Santo Domingo de los Colorados
0%
Shubra el Kheima
0%
Santa Ana
0%
Soyapango
0%
San Miguel
0%
Santa Tecla
0%
Adama
0%
Gondar
0%
Mek'ele
0%
Hawassa
0%
Rustavi
0%
Ostrava
0%
Colgone
0%
Tamale
0%
Takoradi
0%
Sekondi
0%
Larissa
0%
Mixco
0%
Villa Nueva
0%
Petapa
0%
Nzerekore
0%
Kankan
0%
Maneah
0%
Dubreka
0%
Cap-Haitien
0%
Liberec
0%
Holguin
0%
Delmas
0%
Godomey
0%
Vlore
0%
Elbasan
0%
Annaba
0%
Blida
0%
Lobito
0%
Benguela
0%
Lucapa
0%
Khulna
0%
Rajshahi
0%
Mahilyow
0%
Hrodna
0%
Shaarbeek
0%
Parakou
0%
Cochobamba
0%
Camaguey
0%
Oruro
0%
Tuzla
0%
Zenica
0%
Ta Khmau
0%
Serei Saophoan
0%
Bamenda
0%
Bafoassam
0%
Garoua
0%
Concepcion
0%
La Sarena
0%
Kananga
0%
Bouake
0%
Daloa
0%
Korhogo
0%
Carrefour
0%
Petion-Ville
0%
Kaolack
0%
La Chorrera
0%
Masaya
0%
Matagalpa
0%
Maradi
0%
Zinder
0%
Tahoua
0%
Jos
0%
Drammen
0%
Seeb
0%
Bawshar
0%
Sohar
0%
Gujranwala
0%
San Miguelito
0%
Las Cumbres
0%
Tocumen
0%
Bharatpur
0%
Ciudad del Este
0%
San Lorenze
0%
Luque
0%
Capiata
0%
Arequipa
0%
Chiclayo
0%
Huancayo
0%
Caloocan
0%
Vila Nova de Gaia
0%
Amadora
0%
Timisora
0%
Touba
0%
Thies
0%
Birgunj
0%
Lalitpur
0%
San Pedro Sula
0%
Toamasina
0%
Choloma
0%
La Ceiba
0%
El Progreso
0%
Miskolc
0%
Bekasi
0%
Karaj
0%
KuwaitAl Ahmadi
0%
Hallawy
0%
Salmiyah
0%
Subah Alsalim
0%
Misratah
0%
Beida
0%
Khoms
0%
Antsirabe
0%
Pokhara
0%
Fianarantsoa
0%
Mahajanga
0%
Ipoh
0%
Petaling Jaya
0%
Shah Alam
0%
Sikasso
0%
Segou
0%
Kayes
0%
Sale
0%
MozambiqueMatola
0%
Nampula
0%
Chimoio
0%
Bago
0%
Hpa-an
0%
Epworth
0%

Score Distribution

Percentile by Number Answered

Percent of People with Each Score

Your Score History

You have not taken this quiz since the last reset